000 01032nam a2200241Ia 4500
999 _c41518
_d41518
001 8185
003 GE_BSU
005 20220524131429.0
008 181216s2009ge xx |||||||||||||| ||geo||
020 _a9789941126307
040 _cGE_BSU
041 _ageo
080 _a657(075.8) ხ-25
100 _aხარაბაძე, ელენე
_913823
245 _aფინანსური აღრიცხვა /
_cელენე ხარაბაძე, რედ. გოჩა თუთბერიძე
264 _aთბილისი:
_bუნივერსალი,
_c2009
300 _a257 გვ.:
_c29სმ.
653 _aფინანსური აღრიცხვა
653 _aბუღალტერია
700 _aთუთბერიძე, გოჩა
_eრედაქტორი
_91688
710 _aივანე ჯავახიშვილის თბილისის სახელმწიფო უნივერსიტეტი
_913824
942 _cBK
_2udc